Building drawing and detailing (Record no. 15512)
[ view plain ]
| 000 -LEADER | |
|---|---|
| fixed length control field | 00394nam a22001577a 4500 |
| 003 - CONTROL NUMBER IDENTIFIER | |
| control field | OSt |
| 008 - FIXED-LENGTH DATA ELEMENTS--GENERAL INFORMATION | |
| fixed length control field | 180823b ||||| |||| 00| 0 eng d |
| 082 ## - DEWEY DECIMAL CLASSIFICATION NUMBER | |
| Classification number | 690.0223 |
| Item number | BAL/BU |
| 100 ## - MAIN ENTRY--AUTHOR NAME | |
| Personal name | Balagopal |
| 245 ## - TITLE STATEMENT | |
| Title | Building drawing and detailing |
| 260 ## - PUBLICATION, DISTRIBUTION, ETC. (IMPRINT) | |
| Place of publication | Calicut |
| Name of publisher | Spades publishers |
| Year of publication | 1987 |
| 300 ## - PHYSICAL DESCRIPTION | |
| Number of Pages | 31 |
| 700 ## - ADDED ENTRY--PERSONAL NAME | |
| Personal name | Vincent paul, K |
| 700 ## - ADDED ENTRY--PERSONAL NAME | |
| Personal name | Vijayan, C |
| 942 ## - ADDED ENTRY ELEMENTS (KOHA) | |
| Koha item type | Books |
| Withdrawn status | Lost status | Damaged status | Home library | Current library | Date acquired | Full call number | Accession Number | Koha item type |
|---|---|---|---|---|---|---|---|---|
| KAUAET | KAUAET | 23/08/2018 | 690.0223 BAL/BU | 18763 | Books | |||
| KAUAET | KAUAET | 23/08/2018 | 690.0223 BAL/BU | 18764 | Books |
